| 000 | 01208cam a22002175a 4500 | ||
|---|---|---|---|
| 001 | L138214 | ||
| 008 | 070522e2005 xxk f 100 0 eng d | ||
| 035 | _a(Sirsi) u138214 | ||
| 041 | 0 | _aeng | |
| 100 | 1 | _aWilkinson, Sara J. | |
| 245 | 0 | 4 |
_aThe emergence of the global workplace _bopportunities and barriers for building surveyors in Oceania _h[electronic resource] |
| 260 | _c2005 | ||
| 490 | 0 |
_aCOBRA _v2005 |
|
| 520 | _aDiscusses the political, economic and sociological variables affecting employment opportunities and professional services. Reports that quantity surveyors from the UK though that the fact that they were outsiders had an affect on their employment opportunities, while opportunities were perceived as emerging in new areas of professional services such as sustainability and energy efficiency. | ||
| 651 | 4 | _aOCEANIA | |
| 690 | _aBUILT ENVIRONMENT-BUILDING SURVEYING-BUILDING SURVEYORS | ||
| 700 | 1 | _aRussell, Gillian | |
| 711 | 2 |
_aConstruction and Building Research Conference _cUniversity of Queensland, Brisbane _d4-5 July 2005 |
|
| 856 | 4 | 0 |
_uhttps://www.rics.org/site/scripts/download_info.aspx?downloadID=2544 _zView the item free of charge at www.rics.org... |
| 942 | _n0 | ||
| 999 |
_c107065 _d107065 |
||